00568nam a22001697a 4500020001800000040000900018082001200027100002500039110004600064245006700110250001700177260004200194650003000236942001200266999001900278952010100297 a9788131717967 cNUST a530 YOU a Young, Hugh D93959 aFreedman, Roger A Ford, A. Lewis9112387 aSears and Zemansky's University Physics :bWith Modern Physics a12th Edition aNew Delhi:bPearson Education,c2008. aUniversity Physics964550 2ddccBK c594766d594766 00102ddc4070aCEMEbCEMEcGENd2023-05-16l0o530 YOUpCEME-45409r2023-05-16w2023-05-16yBK